[Event "Heart of Finland op 31st"]
[Site "Jyvaskyla"]
[Date "2023.07.21"]
[Round "7"]
[White "Galchenko, Vadim"]
[Black "Remes, Marko"]
[Result "1-0"]
[WhiteElo "2158"]
[BlackElo "1991"]
[PlyCount "89"]
[EventDate "2023.07.17"]
[EventType "swiss"]
[EventRounds "9"]
[EventCountry "FIN"]
[SourceTitle "CBM 215 Extra"]
[Source "ChessBase"]
[SourceDate "2023.09.30"]
[SourceVersion "1"]
[SourceVersionDate "2023.09.30"]
[SourceQuality "1"]

1. e4 e5 2. Nc3 Nc6 3. Nf3 Nf6 4. Bb5 Nd4 5. 0-0 Nxb5 6. Nxb5 d6 7. d4 a6 8. Nc3 exd4 9. Qxd4 Be7 10. Bf4 0-0 11. Rad1 Qe8 12. Rfe1 Be6 13. Nd5 Bxd5 14. exd5 Qd7 15. Qb4 b6 16. Qc4 Rfe8 17. Nd4 Bf8 18. Nc6 Qf5 19. Be3 h6 20. h3 h5 21. a4 a5 22. b3 Kh8 23. Nd4 Qd7 24. Nb5 Rac8 25. Bd4 Rxe1+ 26. Rxe1 Re8 27. Rxe8 Nxe8 28. Qe2 Qe7 29. Qxh5+ Kg8 30. Qf3 Qd7 31. g4 Be7 32. Qc3 Bd8 33. Kg2 Qe7 34. Qf3 Qd7 35. Qe3 Kf8 36. Qe4 Kg8 37. Kg3 Kh8 38. h4 Kg8 39. h5 Bf6 40. Be3 Be5+ 41. f4 Bf6 42. g5 Bd8 43. Nd4 Be7 44. Nc6 Bf8 45. c3 1-0

[Event "Titled Tuesday intern op 23rd May Late"]
[Site "Chess.com INT"]
[Date "2023.05.23"]
[Round "6"]
[White "Martin Fuentes, Alberto"]
[Black "Galchenko, Vadim"]
[Result "0-1"]
[WhiteElo "2388"]
[BlackElo "2166"]
[PlyCount "72"]
[EventDate "2023.05.23"]
[EventType "swiss (blitz)"]
[EventRounds "11"]
[EventCountry "USA"]
[SourceTitle "EXT 2024"]
[Source "ChessBase"]
[SourceDate "2023.10.10"]
[SourceVersion "1"]
[SourceVersionDate "2023.10.10"]
[SourceQuality "1"]

1. e4 e6 2. Nf3 d5 3. e5 c5 4. b4 cxb4 5. a3 Nc6 6. d4 Bd7 7. Bd3 b5 8. 0-0 a5 9. Qe2 Qb6 10. Be3 Rb8 11. h4 h5 12. c3 b3 13. Nbd2 a4 14. Ng5 Na5 15. f4 g6 16. Qf3 Nh6 17. Nde4 dxe4 18. Nxe4 Be7 19. d5 Qb7 20. d6 Bd8 21. Qe2 Nf5 22. Bf2 Nc4 23. Nc5 Qc8 24. Bxc4 bxc4 25. Qxc4 Bb6 26. Qb4 Bxc5 27. Qxc5 Qxc5 28. Bxc5 0-0 29. Bb4 Rfc8 30. Kf2 Nxh4 31. g3 Nf5 32. Rh1 Kg7 33. Rhe1 Rc4 34. Rad1 Rbc8 35. Rd3 g5 36. fxg5 Kg6 0-1

[Event "RUS-chT2"]
[Site "Sochi"]
[Date "2023.05.01"]
[Round "1.3"]
[White "Galchenko, Vadim"]
[Black "Galaktionov, Artem"]
[Result "0-1"]
[WhiteElo "2156"]
[BlackElo "2341"]
[PlyCount "78"]
[EventDate "2023.05.01"]
[EventType "team-swiss"]
[EventRounds "9"]
[EventCountry "RUS"]
[SourceTitle "CBM 214 Extra"]
[Source "ChessBase"]
[SourceDate "2023.07.31"]
[SourceVersion "1"]
[SourceVersionDate "2023.07.31"]
[SourceQuality "1"]
[WhiteTeam "Moscow Northern Character II"]
[BlackTeam "Moscow Temus Tim"]
[WhiteTeamCountry "RUS"]
[BlackTeamCountry "RUS"]

1. e4 c6 2. d4 d5 3. e5 Bf5 4. h4 h5 5. Bd3 Bxd3 6. Qxd3 e6 7. Nf3 Qa5+ 8. Nbd2 Qa6 9. c4 Bb4 10. b3 Nd7 11. 0-0 Nb6 12. a4 Nh6 13. Ba3 Bxa3 14. Rxa3 Rc8 15. Rc1 Nf5 16. Qb1 0-0 17. Ra2 Nd7 18. b4 b6 19. cxd5 cxd5 20. Rxc8 Rxc8 21. b5 Qb7 22. Rc2 a6 23. Qc1 Rxc2 24. Qxc2 axb5 25. axb5 Nf8 26. Kh2 Ng6 27. g3 Nge7 28. Qa4 f6 29. Nb1 Kf7 30. Na3 Qc7 31. Kg2 Qc1 32. Nc2 Qd1 33. Qb3 Ng6 34. Qc3 Qe2 35. Qc7+ Nge7 36. exf6 gxf6 37. Nce1 Ne3+ 38. Kg1 Qf1+ 39. Kh2 Ng4# 0-1

[Event "Titled Tuesday intern op 28th Mar Early"]
[Site "Chess.com INT"]
[Date "2023.03.28"]
[Round "9"]
[White "Olenik Campa, Rudi"]
[Black "Galchenko, Vadim"]
[Result "1/2-1/2"]
[WhiteElo "2358"]
[BlackElo "2207"]
[PlyCount "106"]
[EventDate "2023.03.28"]
[EventType "swiss (blitz)"]
[EventRounds "11"]
[EventCountry "USA"]
[SourceTitle "EXT 2024"]
[Source "ChessBase"]
[SourceDate "2023.10.10"]
[SourceVersion "1"]
[SourceVersionDate "2023.10.10"]
[SourceQuality "1"]

1. e4 e6 2. d4 d5 3. exd5 exd5 4. Bd3 Nc6 5. Nf3 Bd6 6. c3 Nge7 7. 0-0 Bf5 8. Bxf5 Nxf5 9. Re1+ Nfe7 10. Nbd2 Qd7 11. a4 0-0 12. Nf1 Rae8 13. Ng3 f5 14. Ne5 Qc8 15. f4 Kh8 16. Qd3 Ng8 17. Bd2 g6 18. Nf1 Nf6 19. Ne3 Ne7 20. c4 c6 21. c5 Bc7 22. b4 Ne4 23. Nc2 Ng8 24. h3 Ngf6 25. b5 Nxd2 26. Qxd2 Ne4 27. Qd3 Bd8 28. Reb1 Bh4 29. Rf1 g5 30. fxg5 Bxg5 31. Nb4 Re6 32. a5 Qe8 33. a6 bxa6 34. bxc6 Rxe5 35. dxe5 Qxe5 36. Rxa6 d4 37. Nc2 Nxc5 38. Qa3 d3 39. Ne1 Be3+ 40. Kh1 Qg3 41. Nxd3 Rg8 42. Qb2+ Rg7 43. Nxc5 Bxc5 44. c7 Qxc7 45. Rxf5 Qg3 46. Rf1 Bd6 47. Rxd6 Qxd6 48. Qf2 h6 49. Qf3 Kh7 50. Qe4+ Qg6 51. Qf3 Qd6 52. Rd1 Qg6 53. Rf1 Qd6 1/2-1/2

[Event "Titled Tuesday intern op 21st Mar Late"]
[Site "Chess.com INT"]
[Date "2023.03.21"]
[Round "1"]
[White "Galchenko, Vadim"]
[Black "Al Hosani, Omran"]
[Result "0-1"]
[WhiteElo "2207"]
[BlackElo "2270"]
[PlyCount "120"]
[EventDate "2023.03.21"]
[EventType "swiss (blitz)"]
[EventRounds "11"]
[EventCountry "USA"]
[SourceTitle "EXT 2024"]
[Source "ChessBase"]
[SourceDate "2023.10.10"]
[SourceVersion "1"]
[SourceVersionDate "2023.10.10"]
[SourceQuality "1"]

1. e4 e5 2. Nc3 Nf6 3. Bc4 Be7 4. d3 d6 5. f4 exf4 6. Bxf4 Nc6 7. Nf3 Bg4 8. 0-0 Bxf3 9. Qxf3 Qd7 10. Rae1 Nd4 11. Qf2 Ne6 12. Be3 0-0 13. h3 c6 14. Bb3 b5 15. Ne2 a5 16. a3 d5 17. e5 Ne8 18. d4 a4 19. Ba2 b4 20. axb4 Bxb4 21. c3 Be7 22. Nc1 a3 23. b4 g6 24. Nd3 N8g7 25. g4 Ng5 26. Qg2 N7e6 27. Nf2 Ng7 28. h4 N5e6 29. Qg3 h5 30. Bh6 Kh7 31. Bd2 hxg4 32. Qxg4 Nh5 33. Kg2 Ra7 34. Nh3 Neg7 35. Qxd7 Rxd7 36. Bg5 Ne6 37. Rf3 Bxg5 38. hxg5 Kg7 39. Ref1 Rg8 40. Kf2 Rf8 41. Ke3 Rg8 42. Rg1 Rh8 43. Nf2 Kg8 44. Nd3 Nhg7 45. Nf2 Nf5+ 46. Kd2 Rh5 47. Ng4 Kg7 48. Nf6 Rh2+ 49. Kd3 Rd8 50. Bb3 Rdh8 51. Ra1 R8h3 52. Rxh3 Rxh3+ 53. Kc2 Nxg5 54. Rxa3 Ne4 55. Ra8 Rxc3+ 56. Kb2 Rd3 57. Ba4 Nxd4 58. Rc8 Rd2+ 59. Ka3 Nc3 60. Bxc6 Ra2# 0-1

[Event "Titled Tuesday intern op 21st Mar Late"]
[Site "Chess.com INT"]
[Date "2023.03.21"]
[Round "3"]
[White "Galchenko, Vadim"]
[Black "Passen, Brett"]
[Result "1-0"]
[WhiteElo "2207"]
[BlackElo "1921"]
[PlyCount "95"]
[EventDate "2023.03.21"]
[EventType "swiss (blitz)"]
[EventRounds "11"]
[EventCountry "USA"]
[SourceTitle "EXT 2024"]
[Source "ChessBase"]
[SourceDate "2023.10.10"]
[SourceVersion "1"]
[SourceVersionDate "2023.10.10"]
[SourceQuality "1"]

1. e4 c6 2. c4 d5 3. exd5 cxd5 4. cxd5 Nf6 5. Bb5+ Nbd7 6. Nc3 g6 7. Nf3 Bg7 8. d6 exd6 9. Qe2+ Qe7 10. Qxe7+ Kxe7 11. 0-0 Re8 12. d4 d5 13. Bf4 a6 14. Ba4 b5 15. Bb3 Bb7 16. Rfe1+ Kf8 17. Bd6+ Kg8 18. Ne5 Nb6 19. a4 Nc4 20. Bc5 Ne4 21. Bxc4 Nxc3 22. bxc3 dxc4 23. f4 Bxe5 24. fxe5 Bd5 25. Reb1 Bc6 26. a5 h5 27. Rf1 Bd5 28. Rf6 Be6 29. Raf1 Rab8 30. Kf2 Rb7 31. Ke3 Rd7 32. Kf4 Bf5 33. Kg5 Kg7 34. h3 Bd3 35. R1f4 Rb7 36. Rxa6 Bf5 37. g4 hxg4 38. hxg4 Be6 39. Rb6 Rxb6 40. Bxb6 Rh8 41. a6 Bd5 42. Rf6 Rh1 43. Rd6 Be4 44. a7 Ra1 45. Bc5 Bf3 46. Rd8 Be4 47. d5 Bf3 48. a8Q 1-0

[Event "FIN-chT 2223"]
[Site "Finland"]
[Date "2022.11.12"]
[Round "6.4"]
[White "Suomalainen, Erkki"]
[Black "Galchenko, Vadim"]
[Result "0-1"]
[WhiteElo "2175"]
[BlackElo "2141"]
[PlyCount "104"]
[EventDate "2022.09.24"]
[EventType "team-tourn"]
[EventRounds "11"]
[EventCountry "FIN"]
[SourceTitle "EXT 2024"]
[Source "ChessBase"]
[SourceDate "2023.10.10"]
[SourceVersion "1"]
[SourceVersionDate "2023.10.10"]
[SourceQuality "1"]
[WhiteTeam "Raahe Li"]
[BlackTeam "Jyvaskyla JyS"]
[WhiteTeamCountry "FIN"]
[BlackTeamCountry "FIN"]

1. d4 d5 2. c4 e6 3. Nc3 c6 4. cxd5 exd5 5. Nf3 Bf5 6. Bf4 Bd6 7. Bxd6 Qxd6 8. e3 Nd7 9. Bd3 Bxd3 10. Qxd3 Ngf6 11. 0-0 0-0 12. Rad1 Rfe8 13. Rfe1 Re7 14. e4 dxe4 15. Nxe4 Nxe4 16. Rxe4 Rxe4 17. Qxe4 Nf6 18. Qc2 Rd8 19. Rc1 Qd5 20. a3 g6 21. Qc5 Qxc5 22. Rxc5 Nd5 23. Kf1 Nf4 24. Rc2 Ne6 25. Rd2 f6 26. h4 Kf7 27. g3 Rd5 28. Ke2 Rb5 29. Kd1 a5 30. Kc2 a4 31. Ne1 Ke7 32. Ng2 f5 33. Ne3 f4 34. Nd1 Rd5 35. Kc3 h5 36. gxf4 Nxf4 37. Ne3 Rb5 38. Kc2 Kf6 39. Rd1 Rb3 40. Rd2 Rb5 41. Rd1 Nd5 42. Nc4 Ne7 43. Nd6 Rb3 44. Ne4+ Kg7 45. Nc3 Nf5 46. d5 cxd5 47. Rxd5 Nxh4 48. Rd4 Nf5 49. Rxa4 Rb6 50. Re4 h4 51. f4 h3 52. Ne2 h2 0-1

[Event "Chigorin Memorial 28th"]
[Site "St Petersburg"]
[Date "2021.10.25"]
[Round "3"]
[White "Butvin, Andrey"]
[Black "Galchenko, Vadim"]
[Result "0-1"]
[WhiteElo "1781"]
[BlackElo "2094"]
[PlyCount "21"]
[EventDate "2021.10.23"]
[EventType "swiss"]
[EventRounds "9"]
[EventCountry "RUS"]
[SourceTitle "EXT 2023"]
[Source "ChessBase"]
[SourceDate "2022.10.05"]
[SourceVersion "1"]
[SourceVersionDate "2022.10.05"]
[SourceQuality "1"]

1. d4 Nf6 2. c4 Nc6 3. Nc3 e5 4. d5 Ne7 5. e4 Ng6 6. Bd3 Bc5 7. Nge2 Ng4 8. 0-0 Qh4 9. h3 Nxf2 10. Rxf2 Qxf2+ 11. Kh1 0-1

[Event "FIN-chT 1920"]
[Site "Finland"]
[Date "2020.02.09"]
[Round "8.7"]
[White "Galchenko, Vadim"]
[Black "Salonen, Mikko"]
[Result "1-0"]
[WhiteElo "2139"]
[BlackElo "2022"]
[PlyCount "131"]
[EventDate "2019.09.14"]
[EventType "team-tourn"]
[EventRounds "11"]
[EventCountry "FIN"]
[SourceTitle "EXT 2022"]
[Source "ChessBase"]
[SourceDate "2021.10.06"]
[SourceVersion "1"]
[SourceVersionDate "2021.10.06"]
[SourceQuality "1"]
[WhiteTeam "Jyvaskyla JyS"]
[BlackTeam "Sastamala VammSK"]
[WhiteTeamCountry "FIN"]
[BlackTeamCountry "FIN"]

1. e4 e5 2. Nc3 Nf6 3. Bc4 Nxe4 4. Qh5 Nd6 5. Qxe5+ Qe7 6. Qxe7+ Bxe7 7. Bb3 c6 8. Nf3 Nf5 9. 0-0 d5 10. Re1 h6 11. d4 Be6 12. Ne2 g5 13. c3 Nd7 14. Bc2 Nd6 15. Ng3 0-0-0 16. a4 Rdg8 17. b3 h5 18. Ba3 Bf8 19. Nd2 h4 20. Ngf1 Nf6 21. Ne3 g4 22. c4 g3 23. fxg3 hxg3 24. h3 Kd7 25. Nf3 Nfe4 26. Ne5+ Kd8 27. cxd5 cxd5 28. Bc5 Nxc5 29. dxc5 Bg7 30. Rad1 Bxe5 31. Nxd5 Rg5 32. cxd6 Rh4 33. Be4 Bxd6 34. Nf4 Rxf4 35. Rxd6+ Ke7 36. Rd3 b6 37. Bd5 Rff5 38. Bxe6 fxe6 39. Ree3 b5 40. axb5 Rxb5 41. Rxg3 Rxg3 42. Rxg3 a5 43. Rf3 e5 44. g4 Ke6 45. Kg2 e4 46. Rf4 Rxb3 47. Rxe4+ Kf6 48. h4 Rb4 49. Kf3 Rb6 50. Ra4 Rb5 51. Kf4 Kg6 52. h5+ Kf6 53. Rc4 Rb1 54. Rc6+ Kf7 55. Rc7+ Kg8 56. Ra7 Rb5 57. Kg3 Rc5 58. Kh4 Rb5 59. h6 a4 60. g5 a3 61. g6 Rb8 62. Rxa3 Kf8 63. Rf3+ Kg8 64. Kg5 Ra8 65. g7 Rb8 66. Kg6 1-0

[Event "FIN-chT 1920"]
[Site "Finland"]
[Date "2020.02.08"]
[Round "7.8"]
[White "Galchenko, Vadim"]
[Black "Ahlqvist, Esa"]
[Result "1-0"]
[WhiteElo "2139"]
[BlackElo "1897"]
[PlyCount "75"]
[EventDate "2019.09.14"]
[EventType "team-tourn"]
[EventRounds "11"]
[EventCountry "FIN"]
[SourceTitle "CBM 195 Extra"]
[Source "ChessBase"]
[SourceDate "2020.05.31"]
[SourceVersion "1"]
[SourceVersionDate "2020.05.31"]
[SourceQuality "1"]
[WhiteTeam "Jyvaskyla JyS"]
[BlackTeam "Kotka KymS"]
[WhiteTeamCountry "FIN"]
[BlackTeamCountry "FIN"]

1. e4 c5 2. Be2 Nc6 3. d3 g6 4. f4 Bg7 5. Nf3 d5 6. 0-0 Nf6 7. e5 Ng8 8. Be3 b6 9. c3 Nh6 10. Kh1 Nf5 11. Bf2 d4 12. g4 Ne3 13. Bxe3 dxe3 14. Rg1 Bb7 15. Rg2 e6 16. Qc1 f6 17. Qxe3 0-0 18. Nbd2 fxe5 19. fxe5 Ne7 20. c4 Nc6 21. Rf1 Qc7 22. Kg1 Nxe5 23. Nb3 a5 24. a4 Qc6 25. Rg3 Rad8 26. h3 Rf7 27. Kh2 Rdf8 28. Nbd2 Qc7 29. Ng5 Rxf1 30. Bxf1 Bh6 31. Bg2 Bxg5 32. Qxg5 Rf2 33. Kg1 Rxg2+ 34. Rxg2 Qc6 35. Qd8+ Kg7 36. Qe7+ Kg8 37. Ne4 Nf3+ 38. Kf2 1-0

[Event "Chigorin Memorial 27th"]
[Site "St Petersburg"]
[Date "2019.10.08"]
[Round "4"]
[White "Galchenko, Vadim"]
[Black "Saveliev, Alexei"]
[Result "0-1"]
[WhiteElo "2139"]
[BlackElo "2363"]
[PlyCount "58"]
[EventDate "2019.10.05"]
[EventType "swiss"]
[EventRounds "9"]
[EventCountry "RUS"]
[SourceTitle "EXT 2020"]
[Source "ChessBase"]
[SourceDate "2019.10.17"]
[SourceVersion "1"]
[SourceVersionDate "2019.10.17"]
[SourceQuality "1"]

1. e4 c5 2. Be2 b6 3. d3 Bb7 4. f4 g6 5. Nf3 Bg7 6. c3 e6 7. Be3 Nf6 8. h3 c4 9. Nbd2 cxd3 10. Bxd3 0-0 11. g4 Na6 12. Qe2 Nc5 13. Bxc5 bxc5 14. 0-0 Qc7 15. Nh2 d6 16. Rf2 Rae8 17. Raf1 Nd7 18. g5 f5 19. gxf6 Nxf6 20. Qe3 d5 21. exd5 exd5 22. Qg3 Nh5 23. Qg4 d4 24. Re2 Rxe2 25. Bxe2 Nxf4 26. Bc4+ Kh8 27. Ndf3 Bc8 28. Qh4 Nxh3+ 29. Kh1 Qf4 0-1